Migratory species in international instruments : an overview.

Bibliographic Details
Corporate Author: International Union for Conservation of Nature and Natural Resources
Format: Book
Language:English
Published: Gland, Switzerland : International Union for Conservation of Nature and Natural Resources, 1986.
Series:IUCN conservation library.
IUCN environmental policy & law occasional paper ; no. 2.
Subjects:

MARC

Tag First Indicator Second Indicator Subfields
LEADER 00000cam a2200000 a 4500
001 in00000009862
005 20151007051556.0
008 870925s1986 sz 00000 eng d
020 |a 2880320925 (pbk.) 
035 |a (OCoLC)16755936 
035 |9 AAA3691AM 
040 |a TOL  |c TOL  |d TXA  |d UtOrBLW 
049 |a TXAM  |c [A11024852] 
050 4 |a K3620  |b .M53 1986 
245 0 0 |a Migratory species in international instruments :  |b an overview. 
264 1 |a Gland, Switzerland :  |b International Union for Conservation of Nature and Natural Resources,  |c 1986. 
300 |a 252 pages ;  |c 30 cm. 
336 |a text  |b txt  |2 rdacontent 
337 |a unmediated  |b n  |2 rdamedia 
338 |a volume  |b nc  |2 rdacarrier 
490 1 |a The IUCN conservation library 
490 1 |a IUCN environmental policy & law occasional paper ;  |v no. 2 
650 0 |a Animal welfare  |x Law and legislation. 
650 0 |a Animal migration. 
710 2 |a International Union for Conservation of Nature and Natural Resources. 
830 0 |a IUCN conservation library. 
830 0 |a IUCN environmental policy & law occasional paper ;  |v no. 2. 
999 |a MARS 
999 f f |s acd443a0-9d54-3959-8e1d-6a4e0018701f  |i c28a7c3f-2be5-348c-8543-f20a1684e208  |t 0 
952 f f |p ric  |a Texas A&M University  |b Rellis Campus  |c Joint Library Facility  |d Remote Storage  |t 0  |e K3620 .M53 1986  |h Library of Congress classification  |i unmediated -- volume  |m A14811024852 
998 f f |a K3620 .M53 1986  |t 0  |l Remote Storage